| 000 | 00656nam a22002057a 4500 | ||
|---|---|---|---|
| 005 | 20251108164101.0 | ||
| 008 | 250721s1989 xx 000 0 ara d | ||
| 082 | 1 | 4 | _a155.4/شيف |
| 100 | 1 | _aشيفر، شارلز | |
| 245 | 1 | 0 | _aمشكلات الأطفال و المراهقين و أساليب المساعدة فيها / |
| 264 | 1 |
_aعمان : _bالجامعة الاردنية، _c1989. |
|
| 300 | _a621ص. | ||
| 650 | 1 | 7 | _aالأطفال |
| 650 | 1 | 7 | _aالمراهقة |
| 700 | 1 | _aميليمان، هوارد | |
| 700 | 1 |
_aداود، نسيمه _eترجمة |
|
| 700 | 1 |
_aحمدي، نزيه _eترجمة |
|
| 942 |
_2ddc _cBK |
||
| 999 |
_c3211 _d3211 |
||